Statistics for League of Legends - Removed Items

Click here to take the quiz!

General Stats

  • This quiz has been taken 30 times
  • The average score is 7 of 16

Answer Stats

Answer% Correct
Banner of command
82%
Ninja Tabis
64%
Boots of mobility
57%
Ohmwrecker
54%
The Brutalizer
54%
Stinger
46%
Hextech GLP-800
43%
Hextech revolver
43%
Sanguine Blade
36%
Bilgewater Cutlass
32%
Spellbinder
32%
Wriggle's Lantern
29%
Heart of gold
25%
Zeke's Herald
25%
Righteous Glory
21%
Kage's Lucky Pick
14%

Score Distribution

Percentile by Number Answered

Percent of People with Each Score

Your Score History

You have not taken this quiz